| 000 | 00554nam a2200181 i 4500 | ||
|---|---|---|---|
| 001 | 56144 | ||
| 003 | ES-MaACL | ||
| 005 | 20230906163307.0 | ||
| 007 | t| | ||
| 008 | 031003s1978 sp ||||1| spa d | ||
| 100 | 1 |
_aDíaz-Plaja, Guillermo, _d1909-1984 _9162428 |
|
| 245 | 1 | 4 |
_aLas ínsulas extrañas _b: viaje por las cinco partes del mundo / _cGuillermo Díaz-Plaja. |
| 250 | _a[2ª ed.]. | ||
| 260 |
_a[Barcelona] : _bPlaza & Janés, _c[1978] |
||
| 300 |
_a332 p., 6 lám. ; _c21 cm. |
||
| 852 |
_aES-MaACL _jA-9117 _bR.97857 |
||
| 999 |
_c56144 _d56144 |
||